Normas, Derecho y Lógica

Guardat en:
Dades bibliogràfiques
Autor principal: Manson Terrazas, Manuel (autor)
Format: Llibre
Idioma:espanyol
Publicat: Santiago Jurídicas Olejnik 1998
Col·lecció:Colección Filosofía y Derecho, 1
Matèries:
Etiquetes: Afegir etiqueta
Sense etiquetes, Sigues el primer a etiquetar aquest registre!

MARC

LEADER 00000nam a2200000 a 4500
001 UCQ4063
003 CL-VaPUC
005 20220222100904.0
008 980829e19980000CL |||||||||||||||||spa|d
999 |c 274547  |d 274545 
040 |c Pontificia Universidad Católica de Valparaíso 
082 0 4 |a 340.1  |b MAN  |2 21 
100 |a Manson Terrazas, Manuel  |e autor  |9 762433 
245 1 0 |a Normas, Derecho y Lógica 
260 |a Santiago  |b Jurídicas Olejnik  |c 1998 
300 |a 205 p 
490 0 |a Colección Filosofía y Derecho, 1 
583 |a last modification  |c 19980829 00:00:00  |k Rodrigo Vera 
600 0 7 |a Kelsen, Hans  |d 1881-1973  |9 859087 
600 0 7 |a STUCKA, PETER IVANOVIC  |2 CL-VaPUC  |9 418299 
600 0 |a Cossio, Carlos  |9 395140 
650 0 |a Filosofía del derecho   |9 255050 
650 0 |a Lógica  |9 256849 
650 7 |a NORMAS  |2 CL-VaPUC  |9 259606 
852 |a BIBCUR 
942 |c BK  |2 ddc 
945 |d 19980829 00:00:00  |a mvenant 
952 |0 0  |1 0  |4 0  |6 340_100000000000000_MAN_1998  |7 0  |8 DER_TF  |9 310753  |a BIBDER  |b BIBDER  |d 2019-11-20  |i 345634K  |o 340.1 MAN 1998  |p 345634K  |r 2023-01-25  |w 2019-11-20  |x Ubicación 4to Piso  |y BK  |z Estos recursos deben solicitarse con anticipación  |k DER